000 01319nam a2200349Ia 4500
001 ebr10567160
003 CaPaEBR
006 m u
007 cr cn|||||||||
008 960117r20081995cau sb 001 0 eng d
020 _z0803989792
020 _z0803989806
020 _z9780803989801
020 _z9781446264799
040 _aCaPaEBR
_cCaPaEBR
035 _a(OCoLC)797836263
050 1 4 _aBF175.4.C69
_bM335 2008eb
100 1 _aMcLoughlin, Brendan.
245 1 0 _aDeveloping psychodynamic counselling
_h[electronic resource] /
_cBrendan McLoughlin.
246 3 _aPsychodynamic counselling
260 _aLos Angeles :
_bSage Publications,
_c2008, c1995.
300 _axiv, 118 p.
490 1 _aDeveloping counselling
504 _aIncludes bibliographical references (p.[115]-116) and index.
533 _aElectronic reproduction.
_bPalo Alto, Calif. :
_cebrary,
_d2013.
_nAvailable via World Wide Web.
_nAccess may be limited to ebrary affiliated libraries.
650 0 _aPsychoanalytic counseling.
650 0 _aPsychodynamic psychotherapy.
655 7 _aElectronic books.
_2local
710 2 _aebrary, Inc.
830 0 _aDeveloping counselling.
856 4 0 _uhttp://site.ebrary.com/lib/rucke/Doc?id=10567160
_zAn electronic book accessible through the World Wide Web; click to view
999 _c200587
_d200587